000
00292nam a22001217a 4500
008
160519b xxu||||| |||| 00| 0 eng d
020
_a
9780805343694
020
_a
0805343695
041
_a
eng
080
_a
616.89
245
_a
Human anotomy physiology:
_c
Elaine N. Marieb;
942
_2
udc
_c
BK
999
_c
2228
_d
2228